Lengua y cultura: estudios lingüísticos y folklóricos

Сохранить в:
Библиографические подробности
Главный автор: Rohlfs, Gerhard n. 1892
Другие авторы: Alvar, Manuel
Формат: Неизвестно
Язык:Spanish
Опубликовано: Madrid, España Alcalá 1966
Серии:Romania. Serie lingüística
Предметы:
Метки: Добавить метку
Нет меток, Требуется 1-ая метка записи!

MARC

LEADER 000000000a22000000004500
001 000186
007 ta
008 140512s1966 es ab||| |||| 00| 0 spa d
041 0 |a español 
082 |a 407 R738L 
100 1 |a Rohlfs, Gerhard  |d n. 1892 
245 1 0 |a Lengua y cultura: estudios lingüísticos y folklóricos  |c Gerhard Rohlgs ; anotaciones de Manuel Alvar 
260 |a Madrid, España  |b Alcalá  |c 1966 
300 |a 203 páginas  |b ilustraciones 
490 0 |a Romania. Serie lingüística 
500 |a número de inscripción 12968 
650 4 |a LINGÜISTICA  |x ESTUDIO Y ENSEÑANZA 
700 1 2 |a Alvar, Manuel  |j anotaciones 
942 |2 ddc  |c BK 
999 |c 1019  |d 1019